Mort subite - titres de JUL - Statistiques

Statistiques générales
  • Ce quiz a été pris 3 480 fois
  • Le résultat moyen est 4 sur 17
Answers on the Grid
Answers color-coded by a green-red scale on the quiz's grid according to % correct below.
Winners
C'est trop
6.3
Feux
Marseille City
Folie
Hasta la vista
Santana
Mon rêve
Pour les taulards
En place
Folle
Toujours la dalle
Popopop
Les menottes
Tous les mêmes
Oh fou
J'suis loin
Bruce Lee
Hasta Luego
Crocodile
Pochtar
Dis khamsa
T'es pas le seul
Chiron
L'histoire
Dans la gova
Crapuleux
Par là
Faut pas déconner
 
Statistiques - réponses
Réponse % Correct
Crocodile
44%
Winners
43%
Folie
40%
Pour les taulards
32%
C'est trop
27%
Chiron
25%
Par là
25%
J'suis loin
22%
Crapuleux
20%
Oh fou
18%
T'es pas le seul
16%
Feux
15%
Mon rêve
15%
En place
14%
Bruce Lee
12%
Toujours la dalle
11%
L'histoire
9%
Aucun quiz correspondant
Distribution des résultats
% des personnes avec chaque résultat
Percentile par nombre de réponses
Votre historique - résultats
Vous n’avez pas pris ce quiz